Statistical methods in education and psychology /

Saved in:
Bibliographic Details
Main Author: Glass, Gene V., 1940-
Other Authors: Stanley, Julian C.
Format: Book
Language:English
Published: Englewood Cliffs, N.J. : Prentice-Hall, c1970.
Series:Prentice-Hall series in educational measurement, research, and statistics
Subjects:
LEADER 01130cam a2200289 a 4500
001 c000285107
003 CARM
005 20080722090436.0
008 700521s1970 njua b 001 0 eng d
019 1 |a 101997  |z 21440272  |z 21846850  |5 LACONCORD2021 
020 |a 0138449287 
035 |a (OCoLC)75747  |5 LACONCORD2021 
040 |a LC  |b eng  |c LC  |d NU  |d VCAV 
050 0 0 |a LB2846  |b .G55 
082 0 4 |a 519 
100 1 |a Glass, Gene V.,  |d 1940- 
245 1 0 |a Statistical methods in education and psychology /  |c Gene V. Glass, Julian C. Stanley. 
260 |a Englewood Cliffs, N.J. :  |b Prentice-Hall,  |c c1970. 
300 |a xii, 596 p. :  |b ill. ;  |c 24 cm. 
490 0 |a Prentice-Hall series in educational measurement, research, and statistics 
504 |a Includes bibliography: p. 572-585, and index. 
650 0 |a Educational statistics. 
650 0 |a Psychometrics. 
700 1 |a Stanley, Julian C. 
852 8 |b CARM  |h A3:AR13F0  |i C11195  |p 0492739  |f BK 
999 f f |i 4cfb7d84-75ef-5c60-bc90-3fcec9f08520  |s a4b51d2b-a079-59a2-acfe-5a7ff20ecb06 
952 f f |p Can circulate  |a CAVAL  |b CAVAL  |c CAVAL  |d CARM 1 Store  |e C11195  |f A3:AR13F0  |h Other scheme  |i book  |m 0492739